Iman Ka Qurani Tasawur (Record no. 14537)

MARC details
000 -LEADER
fixed length control field 00571nam a2200241 a 4500
020 ## - INTERNATIONAL STANDARD BOOK NUMBER
ISBN
082 00 - DEWEY DECIMAL CLASSIFICATION NUMBER
Classification number 297.7
Author Cutter HUS2
100 ## - MAIN ENTRY--AUTHOR NAME
Author name Husain, Murtaza
245 ## - TITLE STATEMENT
Title Iman Ka Qurani Tasawur
260 ## - PUBLICATION, DISTRIBUTION, ETC. (IMPRINT)
Place of publication Hyderabad
Name of publisher Hussami Book Depot
Year of publication 2004
300 ## - PHYSICAL DESCRIPTION
Number of Pages 339p
500 ## - GENERAL NOTE
General note includes index and biblioraphy
505 2# - FORMATTED CONTENTS NOTE
Formatted contents note rawna~
650 ## - SUBJECT ADDED ENTRY--TOPICAL TERM
Topical Term Dawah-Islam
942 ## - ADDED ENTRY ELEMENTS (KOHA)
Koha item type Books
700 1# -
-- Husain, Murtaza
Holdings
Collection code Home library Current library Date acquired Cost, normal purchase price Full call number Accession Number Koha item type
  Henry Martyn Institute Library Henry Martyn Institute Library 07/12/2007 200.00 297.7 HUS2 021290 Books
                   Copyright © 2026 | Henry Martyn Institute | Hyderabad | TS-500052 | INDIA | Implemented by hmi.edu.in
Hit-Count:

Powered by Koha